Normal view
MARC view
- Mediciones y pruebas educativas
Entry Materia
001 - NÚMERO DE CONTROL DEL REGISTRO
- campo de control: 6442
003 - IDENTIFICADOR DE NUMERO DE CONTROL
- campo de control: MX-MxUPN
005 - FECHA Y HORA DE LA ÚLTIMA TRANSACCIÓN
- campo de control: 20250528083439.0
008 - DATOS DE LONGITUD FIJA
- campo de control de longitud fija: 220922d||fcnnnbabn | ana |d
035 ## - NÚMERO DE CONTROL DEL SISTEMA
- Número de control del sistema: UPN10000006444
040 ## - FUENTE DE LA CATALOGACIÓN
- Centro catalogador de origen: UPN
- Lengua de catalogación: spa
- Agencia de transcripción: UPN
046 ## - FECHAS CON CODIFICACIÓN ESPECIAL
- Fecha final para contenidos agregados: 2022
150 ## - ENCABEZAMIENTO - TEMÁTICO
- Término de materia o nombre geográfico como elemento inicial: Mediciones y pruebas educativas
- Subdivisión geográfica: México
670 ## - FUENTE EN LA QUE SE LOCALIZARON DATOS
- Cita de la fuente: SHLC
- Información localizada: Educational test and measurements (May subd. geog.)
902 ## - CATALOGADOR
- Catalogador: MMA/310796
